000 01278nam a2200253 a 4500
001 000924544
003 AM-YEHGA
005 20250617160522.0
008 121102s1960 ||||||||r|||||000|0|rus|d
040 _aAM-YeHGA
041 0 _arus
100 1 _aБоксер, О.Я.
_eавт., предисл.
_4aut
_4aui
245 1 0 _aФилософское значение проблемы ретикулярной формации головного мозга :
_b(В помощь самостоятельной работе студентов) /
_cАвт. и предисл.: О.Я. Боксер, Д.А. Мишахин, С.С. Полтырев ; Ивановский государственный медицинский институт.
260 _aИваново :
_bИГМИ,
_c1960.
300 _a32 с. :
_bил. ;
_c22 см.
504 _aБиблиогр.: с. 32
650 1 4 _aРетикулярная формация
650 1 4 _aМозг головной
650 1 4 _aФилософия
700 1 _aМишахин, Д.А.
_eавт., предисл.
_4aut
_4aui
700 1 _aПолтырев, С.С.
_eавт., предисл.
_4aut
_4aui
710 2 _aИвановский государственный медицинский институт
090 _c457844
999 _c454847
_d454847